Presente y futuro de la Biblioteca Central
Colección:
San Jorge,
; núm. 5 (gener 1952), pàg. 60
Idioma:
Español
MARC
| LEADER | 00000naa a2200000 a 4500 | ||
|---|---|---|---|
| 003 | Arxiu | ||
| 005 | 20260324181026.0 | ||
| 008 | 160829s1952 spcaxx s spa c | ||
| 040 | |a agdb | ||
| 245 | 0 | 0 | |a Presente y futuro de la Biblioteca Central |
| 490 | |a San Jorge, |v núm. 5 (gener 1952), pàg. 60 | ||
| 610 | 2 | 0 | |a Biblioteca Central (Barcelona, Catalunya) |9 54533 |
| 773 | |g Núm. 5 (gener 1952), pàg. 60 |t San Jorge. | ||
| 901 | |a Arxiu | ||
| 942 | |n 1 |2 udc |c ART | ||
| 952 | |0 0 |1 0 |4 0 |6 REV508 |7 1 |9 64632 |a Arxiu |b Arxiu |d 2022-12-02 |l 0 |o Rev-508 |r 2022-12-02 00:00:00 |w 2022-12-02 |y ARXIU |z També disponible a Rev-521 | ||
| 999 | |c 44002 |d 44002 | ||